000 00275nam a2200121Ia 4500
008 190216s9999||||xx |||||||||||||| ||und||
100 _aLudon Marc G
245 0 _aOrganic Chemistry
260 _bOxford University Press
300 _a1361
650 _aChemistry
942 _cBK
999 _c3294
_d3294